Sanat - "Kuudes joulukuuta" - Statistics

Yleistilastot
  • Tätä visaa on pelattu 20 kertaa
  • Keskiarvotulos 47 / 156
Vastaustilastot
Vastaus % Oikein
joulukuuta
88%
kuudes
88%
on
88%
se
63%
vain
63%
ja
50%
oli
50%
arkipäivä
38%
Eivät
38%
heitä
38%
Ilman
38%
ilman
38%
jalka
38%
jonka
38%
kun
38%
me
38%
nyt
38%
olis
38%
puuta
38%
sitä
38%
Suomen
38%
Vielä
38%
emme
25%
isänmaan
25%
joiden
25%
käsky
25%
kiitos
25%
kodin
25%
kohtalon
25%
koskaan
25%
kuului
25%
lääni
25%
läntisin
25%
miestä
25%
niitä
25%
olisimme
25%
ontuvaa
25%
Ovat
25%
ovat
25%
ristit
25%
teidän
25%
Teille
25%
teille
25%
teitä
25%
tiedä
25%
uskonnon
25%
ystävääni
25%
aivan
13%
elämämme
13%
haavat
13%
harvat
13%
ikuisesti
13%
itsenäinen
13%
itsenäisyyttämme
13%
jäivät
13%
jostain
13%
juhlitaan
13%
käsi
13%
katsokaamme
13%
kenen
13%
kieltä
13%
korvaamaan
13%
liian
13%
lippuun
13%
maamme
13%
mahdoton
13%
mene
13%
mielin
13%
monet
13%
mutta
13%
nähdä
13%
nöyrin
13%
päivät
13%
puhuisimme
13%
pysty
13%
rajalliset
13%
rajoillamme
13%
saavat
13%
seistä
13%
selvinneitä
13%
sieltä
13%
sielun
13%
silloin
13%
sinivalkoinen
13%
sinne
13%
suuren
13%
tehtävänne
13%
teistä
13%
teki
13%
umpeen
13%
urheuden
13%
valintojaan
13%
vapaa
13%
vierasta
13%
vuoksi
13%
vuoro
13%
palas
0%
Ehtoja vastaavia visoja ei löytynyt
Tulosjakauma
Jokaisen tuloksen saaneiden osuus
Persentiili vastausten määrän mukaan
Tuloshistoriasi
Et ole pelannut tätä visaa